ბათუმის შოთა რუსთაველის სახელმწიფო უნივერსიტეტის ბიბლიოთეკა

მცირე სიმძლავრიანი სათიბელების მოდერნიზაცია ახალი ტიპის მჭრელი აპარატის გამოყენებით : დისერტაცია / (ბიბ.ჩანაწერი № 51899)

000 -ლიდერი
ფიქსირებული სიგრძის საკონტროლო ველი 01435nam a2200229Ia 4500
001 - საკონტროლო ნომერი
საკონტროლო ველი 18899
003 - საკონტროლო ნომრის იდენტიფიკატორი
საკონტროლო ველი GE_BSU
005 - ბოლო ოპერაციის თარიღი და დრო
საკონტროლო ველი 20220919162555.0
008 - ფიქსირებული სიგრძის მონაცემთა ელემენტები - ზოგადი ინფორმაცია
ფიქსირებული სიგრძის საკონტროლო ველი 181216s2013||||ge |||||||||||||| ||geo||
040 ## - კატალოგიზაციის წყარო
Transcribing agency GE_BSU
041 ## - ენის კოდი
Language code of text/sound track or separate title geo
080 ## - უნივერსალური ათობითი კლასიფიკაციის ინდექსი
Universal Decimal Classification number 63 ა-20
100 ## - მთავარი ჩანაწერი - პიროვნების სახელი
Personal name აბუსელიძე, ფადიკო
9 (RLIN) 11555
245 ## - ცნობა სათაურის შესახებ
Title მცირე სიმძლავრიანი სათიბელების მოდერნიზაცია ახალი ტიპის მჭრელი აპარატის გამოყენებით : დისერტაცია /
Statement of responsibility, etc ფადიკო აბუსელიძე; სამეცნიერო ხელმძღვანელი მ. მამულაძე; ბათუმის შოთა რუსთაველის სახ. უნ-ტი.
264 ## - წარმოების, გამოცემის, დისტრიბუციის და სხვა ცნობები
გამოცემის, წარმოების, დისტრიბუციის... ადგილი ბათუმი,
გამოცემის, წარმოების, დისტრიბუციის... თარიღი 2013.
300 ## - ფიზიკური აღწერა
Extent 138 გვ. ;
Other physical details 30 სმ.
653 ## - INDEX TERM--UNCONTROLLED
Uncontrolled term დისერტაცია
653 ## - INDEX TERM--UNCONTROLLED
Uncontrolled term მცირე სიმძლავრიანი სათიბელების მოდერნიზაცია ახალი ტიპის მჭრელი აპარატის გამოყენებით
653 ## - INDEX TERM--UNCONTROLLED
Uncontrolled term სოფლის მეურნეობა
700 ## - ADDED ENTRY--PERSONAL NAME
Personal name მამულაძე, მ.
Relator term სამეცნიერო ხელმძღვანელი
9 (RLIN) 11556
942 ## - ADDED ENTRY ELEMENTS (KOHA)
Koha item type წიგნი
Source of classification or shelving scheme
ეგზემპლარები
ჩამოწერის სტატუსი დაკარგული ეგზემპლარის სტატუსი კლასიფიკაციის წყარო ან თაროზე გაწყობის სქემა დაზიანების სტატუსი არ გაიცემა მუდმივი მდებარეობა (დაცვის ადგილი) ამჟამინდელი ადგილსამყოფელი შეძენის თარიღი სრული შენახვის შიფრი შტრიხკოდი ბოლო ოპერაციის თარიღი ეგზემპლარის მიმდევრობითი ნომერი (კეტერი?) ფასის ძალაში შესვლის თარიღი ეგზემპლარის სახეობა
        შიდა ფონდი ბათუმის შოთა რუსთაველის სახელმწიფო უნივერსიტეტის მთავარი ბიბლიოთეკა ბათუმის შოთა რუსთაველის სახელმწიფო უნივერსიტეტის მთავარი ბიბლიოთეკა 2018-12-17 63 ა-20 152 დისერტ. 2018-12-17 152 2018-12-17 დისერტაცია